000 00672nam a2200253Ia 4500
003 OSt
005 20221006151448.0
006 a|||||r|||| 00| 0
007 ta
008 221006b |||||||| |||| 00| 0 eng d
020 _c¥1200
024 _a22,197
037 _bGift, Japan Foundation
_cTextual
040 _aEASL
_cEASL
_beng
041 _2eng
_aeng
082 _aT.42.N6, K7
245 0 _aEducation in Japan
_b A graphic presentation
260 _aTokyo
_bMinistry of Education
_c1967
300 _a130p.
_ccm.
490 _v JEL
650 _aJEL
942 _hT.42.N6, K7
_cTEXL
_2CC
999 _c1090283
_d1090283